000 00764nam a22001337a 4500
040 _cRUA
082 _aVEM CHA 2014 B442 Or.1
100 _aCHANN PHALLA; ចាន់ ផល្លា
245 _aStudy on newcastle disease of local chicken and their antibodies by using ha and hi-test at ankorchey districtt, kampot province, សិក្សាលើជំងឺញ៉ូវកាសរបស់មាន់ស្រែ និងអង់ទីគ័ររបស់វាតាមរយៈ HA and Hi-Test នៅស្រុកអង្គរជ័យ ខេត្តកំពត
260 _aPhnom Penh
_bRUA
_c2014
300 _ax ;39p.
_bill.
_c29cm.
856 _uhttps://drive.google.com/file/d/1qy1LxXoDKEKXzWIoY4hwzwHX6LMFUFZx/view?usp=sharing
942 _cVEM
999 _c7235
_d7235